00672cam a22001937a 4500003000500000005001700005008004100022010001000063011001000073035001000083040000900093082001800102110008900120245011300209260005800322300001600380500004300396650003900439CHAP20220329142316.0000606d1999 us a r 00110 eng d a81411 a82383 a92875 cCHAP04a630.72097bU5 aUniversity of Florida. Gainesville, Fla. Institute of Food and Agricultural Sciences10aAnnual Research report :bfor The Florida Agricultural Experiment Station : 1999-c/by University of Florida aGainesville, Florida :bUniversity of Florida,c1999- av. :bilus. aLa biblioteca tiene : 1999, 2000, 200114aAgriculturaxInvestigacionzE.U.A.